| 000 | nam a22 a 4500 | ||
|---|---|---|---|
| 999 |
_c2880 _d2880 |
||
| 003 | AKMAL | ||
| 005 | 20170518144920.0 | ||
| 008 | 170518s1995 my 00 eng d | ||
| 020 |
_a9837202335 (pbk.): _cRM 19.50 |
||
| 040 |
_aAKMAL _cAKMAL |
||
| 049 | _amal | ||
| 082 | 0 | 4 | _a658 LOD |
| 090 |
_a658 _bLOD |
||
| 090 | 2 | 0 |
_a658 _bLOD |
| 100 | 1 |
_aLodge, George C. _96057 |
|
| 245 | 1 | 0 |
_aManaging globalization in the age of interdependence / _cGeorge C. Lodge |
| 260 |
_aKuala Lumpur : _bGolden books Centre , _c1995 |
||
| 300 |
_axv, 128p. : _bill. ; _c26cm |
||
| 500 | _aIncludes index | ||
| 650 |
_aInternational economic relations _979 |
||
| 650 |
_aInternational business enterprise _xManagement _96058 |
||
| 942 |
_2ddc _cBOOK |
||